Osobnosť a úlohy vedúceho pracovníka v spoločnosti Silcotec Europe (Sk), s. r. o.

Salvato in:
Dettagli Bibliografici
Autore principale: Škulibová, Jana, 1988- (Autore)
Altri autori: Green rod. Česneková, Jana (Relatore della tesi)
Natura: Manoscritto Libro
Lingua:slovacco
Pubblicazione: Trnava : STU v Bratislave MTF UIPH, 2010
Soggetti:
Accesso online:VAIS
Tags: Aggiungi Tag
Nessun Tag, puoi essere il primo ad aggiungerne!!

MARC

LEADER 00000ntm a22000003a 4500
001 stu217864
005 20160719160406.8
008 101130s2010----xo------------------slo-d
040 |a STU  |b slo 
041 0 |a slo 
044 |a xo 
100 1 |a Škulibová, Jana,  |d 1988-  |4 aut  |X 48670  |7 A000048670 
242 0 0 |a Personality and role of the manager  |y eng 
245 1 |a Osobnosť a úlohy vedúceho pracovníka v spoločnosti Silcotec Europe (Sk), s. r. o. 
260 |a Trnava :  |b STU v Bratislave MTF UIPH,  |c 2010 
650 7 |a personálna práca v priemyselnom podniku  |2 stusub 
650 7 |a Personnel Work in a Business Enterprise  |2 estusub 
650 7 |a manager  |2 estusub 
650 7 |a power  |2 estusub 
700 1 |a Green rod. Česneková, Jana  |4 ths  |u M330  |U MTF Ústav inžinierskej pedagogiky a humatitných vied  |T MTF Katedra odbornej jazykovej prípravy  |U M330  |Y M330 
856 4 |a info a plný text  |u http://is.stuba.sk/zp/portal_zp.pl?podrobnosti=47301  |3 VAIS 
996 |c M*BP-4849  |l MMSKP  |s P  |a 0  |w stu217864_0001